000 00332nam a22001457a 4500
020 _a978-81-937464-0-0
041 _aENG
100 _aB.R Salvi
245 _aAdvances In Mango Prodnction Technology
260 _aDapoli
_bDBSKKV
_c2018
300 _a416
650 _aGAE
700 _aV.K Patil ,P.M Haldankar
856 _uGAE
999 _c3189
_d3189